000 00588nam a2200217 a 4500
999 _c4519
_d4519
001 4519
003 BD-JhCC
005 20171128104854.0
008 171128s19571963ii |||| || | 001 0 eng d
035 _a(BD-JhCC)4519
040 _aBD-JhCC
_dBD-JhCC
041 _aeng
082 _a954.0317
_bMAJ 1963
100 _aMajumdar, R. C.
245 _aThe Sepoy Mutiny and The Revolt of 1857 /
_c R. C. Majumdar,
260 _aCalcutta :
_bFirma K. L. Mukhopadhyay,
_c1963.
300 _a503 p. :
_c21 cm.
650 _aSepoy Revolt
_zIndia (1857-1858)
942 _2ddc
_cBK